Refinación de oro por disolución y precipitación selectiva a nivel de laboratorio en la empresa DESMINIC S.A, mina la Libertad, Chontales

Se refino oro a nivel de laboratorio, con el método de agua regia y acido oxálico y se comparó esta con otras experiencias, los resultados proceden de investigaciones realizadas en el laboratorio químico de la empresa DESMINIC S.A, las muestras de oro utilizadas fueron proporcionadas por la empr...

Full description

Bibliographic Details
Main Authors: Ortega Cuadra, Francisco Ulises, Valdivia Gutiérrez, Marco Antonio
Other Authors: Tutor: Betanco Figueroa, Nelly
Format: Tesis Section = Libro
Language:Undetermined
Spanish
Published: Managua UNI 2014
Subjects:
LEADER 01304nam a2200277Ia 4500
008 240830s9999 xx 000 0 und d
040 |a BIBLIOTECA-RUSB/ Mon 669.22 O77 
041 |a spa 
082 |a Mon 669.22 O77 
100 1 |a Ortega Cuadra, Francisco Ulises 
100 1 |b Valdivia Gutiérrez, Marco Antonio 
245 1 0 |a Refinación de oro por disolución y precipitación selectiva a nivel de laboratorio en la empresa DESMINIC S.A, mina la Libertad, Chontales 
260 |a Managua  |b UNI  |c 2014 
300 |a 79 p. :il. 
500 |a Contiene: anexos e Incluye: CD. 
502 |a Tesis (Ingeniero Químico) - UNI, 2014. 
520 3 |a Se refino oro a nivel de laboratorio, con el método de agua regia y acido oxálico y se comparó esta con otras experiencias, los resultados proceden de investigaciones realizadas en el laboratorio químico de la empresa DESMINIC S.A, las muestras de oro utilizadas fueron proporcionadas por la empresa, se determinó la cantidad de oro presente en la muestra. 
650 7 |a MINA DE ORO - LA LIBERTAD CHONTALE 
650 7 |b  METALURGIA DEL ORO 
650 7 |c  PROPIEDADES QUÍMICAS DEL ORO 
650 7 |d  MINEROLOGIA 
650 7 |e  QUIMICA INDUSTRIAL 
700 1 |a Tutor:  |b Betanco Figueroa, Nelly 
942 |c BK  |2 ddc 
991 |a TESIS 
999 |c 20776